000 00990cab a2200253 4500
001 WB4003-04
008 040119n2004 000 0 eng u
035 _a(Sirsi) u124865
245 _aLetting agents league table
260 _c2004
490 _aEstates Gazette
_v0403) 17 January 2004, 28(1)
520 _aEGi London Office Database's (LOD) fourth "Market analysis" reveals that just 10 agents carried out half of all lettings in London in 2003. CB Richard Ellis beat DTZ to topple Knight Frank as the capital's top letting agent with 10% (1 339 350 sq ft) of all central disposals last year. Table of top 20. The full table is available from LOD t +44 (0) 07 411 2868.
590 _aWB
590 _aWB
650 _aRANKINGS
650 _aCOMMERCIAL LETTINGS
650 _aLETTINGS AGENTS
650 _aDISPOSALS
650 _aCBRE
650 _aLONDON
650 _aANNUAL REVIEW
690 _aPROPERTY-COMMERCIAL PROPERTY-COMMERCIAL PROPERTY MARKET
942 _n0
999 _c74061
_d74061